Billboard Hot 100 #1 Hits of 2017 - Statistics

General Stats
  • This quiz has been taken 37 times
  • The average score is 42 of 52
Answer Stats
Issue Date #1 Hit Artist % Correct
January 28 Shape of You Ed Sheeran
97%
February 18 Shape of You Ed Sheeran
97%
February 25 Shape of You Ed Sheeran
97%
March 4 Shape of You Ed Sheeran
97%
March 11 Shape of You Ed Sheeran
97%
March 18 Shape of You Ed Sheeran
97%
March 25 Shape of You Ed Sheeran
97%
April 1 Shape of You Ed Sheeran
97%
April 8 Shape of You Ed Sheeran
97%
April 15 Shape of You Ed Sheeran
97%
April 22 Shape of You Ed Sheeran
97%
April 29 Shape of You Ed Sheeran
97%
May 27 Despacito Luis Fonsi & Daddy Yankee ft. Justin Bieber
94%
June 3 Despacito Luis Fonsi & Daddy Yankee ft. Justin Bieber
94%
June 10 Despacito Luis Fonsi & Daddy Yankee ft. Justin Bieber
94%
June 17 Despacito Luis Fonsi & Daddy Yankee ft. Justin Bieber
94%
June 24 Despacito Luis Fonsi & Daddy Yankee ft. Justin Bieber
94%
July 1 Despacito Luis Fonsi & Daddy Yankee ft. Justin Bieber
94%
July 8 Despacito Luis Fonsi & Daddy Yankee ft. Justin Bieber
94%
July 15 Despacito Luis Fonsi & Daddy Yankee ft. Justin Bieber
94%
July 22 Despacito Luis Fonsi & Daddy Yankee ft. Justin Bieber
94%
July 29 Despacito Luis Fonsi & Daddy Yankee ft. Justin Bieber
94%
August 5 Despacito Luis Fonsi & Daddy Yankee ft. Justin Bieber
94%
August 12 Despacito Luis Fonsi & Daddy Yankee ft. Justin Bieber
94%
August 19 Despacito Luis Fonsi & Daddy Yankee ft. Justin Bieber
94%
August 26 Despacito Luis Fonsi & Daddy Yankee ft. Justin Bieber
94%
September 2 Despacito Luis Fonsi & Daddy Yankee ft. Justin Bieber
94%
September 9 Despacito Luis Fonsi & Daddy Yankee ft. Justin Bieber
94%
September 16 Look What You Made Me Do Taylor Swift
74%
September 23 Look What You Made Me Do Taylor Swift
74%
September 30 Look What You Made Me Do Taylor Swift
74%
January 7 Starboy The Weeknd ft. Daft Punk
74%
October 7 Bodak Yellow Cardi B
65%
October 14 Bodak Yellow Cardi B
65%
October 21 Bodak Yellow Cardi B
65%
May 20 I'm the One DJ Khaled ft. Justin Bieber, Quavo, Chance the Rapper, and Lil Wayne
65%
October 28 Rockstar Post Malone ft. 21 Savage
65%
November 4 Rockstar Post Malone ft. 21 Savage
65%
November 11 Rockstar Post Malone ft. 21 Savage
65%
November 18 Rockstar Post Malone ft. 21 Savage
65%
November 25 Rockstar Post Malone ft. 21 Savage
65%
December 2 Rockstar Post Malone ft. 21 Savage
65%
December 9 Rockstar Post Malone ft. 21 Savage
65%
December 16 Rockstar Post Malone ft. 21 Savage
65%
January 14 Black Beatles Rae Sremmurd ft. Gucci Mane
58%
May 6 Humble Kendrick Lamar
58%
December 23 Perfect Ed Sheeran & Beyoncé
58%
December 30 Perfect Ed Sheeran & Beyoncé
58%
January 21 Bad and Boujee Migos ft. Lil Uzi Vert
52%
February 4 Bad and Boujee Migos ft. Lil Uzi Vert
52%
February 11 Bad and Boujee Migos ft. Lil Uzi Vert
52%
May 13 That's What I Like Bruno Mars
48%
No matching quizzes found
Score Distribution
Percent of People with Each Score
Percentile by Number Answered
Your Score History
You have not taken this quiz